000
00311nam a22001457a 4500
008
210518b ||||| |||| 00| 0 eng d
020
_a
9780324154900
041
_a
eng
080
_a
33
082
_a
33
100
_a
58
101
_a
BIZ
245
_a
The Future of Business
_c
Gitman,L.J
942
_2
udc
_c
BK
999
_c
57451
_d
57451